| 000 | 00526nam a22001577a 4500 | ||
|---|---|---|---|
| 005 | 20251108171111.0 | ||
| 008 | 250721s1984 xx 000 0 ara d | ||
| 082 | 1 | 4 | _a652.3/طري |
| 245 | 1 | 0 | _aالطريقة الحديثة في تعليم الغرب على الآلة الكاتبة العربية بطريقة اللمس / |
| 264 | 1 |
_aبيروت : _bدار العلم للجميع، _c1984. |
|
| 300 | _a126ص | ||
| 650 | 1 | 7 | _aالطباعة |
| 650 | 1 | 7 | _aالآلة الكاتبة |
| 942 |
_2ddc _cBK |
||
| 999 |
_c56597 _d56597 |
||